[Event "Challenge"]
[Site "http://www.queenalice.com/game.php?id=701638"]
[Date "2009.12.22"]
[Round "-"]
[White "Eski"]
[Black "witto"]
[Result "0-1"]
[WhiteElo "1072"]
[BlackElo "1507"]

1. d4 d5 2. Nc3 f5 3. e3 e6 4. Nf3 Nf6 5. Ng5 h6 6. Bb5+ Bd7 7. Nxe6 Qe7 8.
Nxc7+ Kd8 9. Nxa8 Qb4 10. a3 Qa5 11. Qf3 Bxb5 12. Qf4 Nbd7 13. Nc7 Qxc7 14. Nxb5
Qxc2 15. Nd6 g5 16. Qxf5 Qxf5 17. Nxf5 Nb6 18. Nd6 Bxd6 19. O-O Ng4 20. f4 Nc4
21. Re1 Re8 22. b3 Ncxe3 23. Bd2 Bxf4 24. Bxe3 Rxe3 25. Rxe3 Bxe3+ 26. Kh1 Bxd4
27. Rd1 Nf2+ 28. Kg1 Nxd1+ 0-1

[Event "Fudido"]
[Site "http://www.queenalice.com/game.php?id=702496"]
[Date "2009.12.23"]
[Round "-"]
[White "witto"]
[Black "Eski"]
[Result "1-0"]
[WhiteElo "1520"]
[BlackElo "1079"]

1. e4 e5 2. Qh5 Nf6 3. Qxe5+ Be7 4. Nc3 d6 5. Qb5+ c6 6. Qc4 Qb6 7. d3 Be6 8.
Qa4 Ng4 9. Nf3 f5 10. Be3 Bf6 11. Bxb6 Na6 12. Bd4 h5 13. Bxf6 gxf6 14. exf5
Bxf5 15. O-O-O O-O 16. d4 Nxf2 17. Bc4+ d5 18. Bd3 Nxh1 19. Rxh1 Rfe8 20. Bxf5
Nc7 21. Qb4 c5 22. Qxc5 b6 23. Qxc7 Kf8 24. Bg6 Re7 25. Qf4 Rg7 26. Qxf6+ Kg8
27. Ne5 Rf8 28. Bf7+ Rfxf7 29. Nxf7 Rxf7 30. Qe6 Kg7 31. Nxd5 1-0

[Event "Challenge"]
[Site "http://www.queenalice.com/game.php?id=704302"]
[Date "2009.12.27"]
[Round "-"]
[White "marcelomkp"]
[Black "witto"]
[Result "0-1"]
[WhiteElo "917"]
[BlackElo "1522"]

1. e4 e5 2. Bc4 Nf6 3. Nc3 d6 4. h3 Nc6 5. Nf3 Be6 6. Bxe6 fxe6 7. d4 exd4 8.
Nxd4 Nxd4 9. Qxd4 e5 10. Qc4 Qd7 11. Nd5 Nxd5 12. Qxd5 O-O-O 13. Be3 Be7 14.
Bxa7 Qa4 15. Be3 c6 16. Qe6+ Rd7 17. c4 Qa5+ 18. Bd2 Qc5 19. Be3 Qb4+ 20. Bd2
Qxb2 21. Rc1 Bg5 22. Rd1 Bxd2+ 23. Rxd2 Qb1+ 24. Rd1 Qxe4+ 25. Kf1 Kc7 26. Rc1
Ra8 27. Qg4 Qd3+ 28. Kg1 Rxa2 29. Qh4 Qd4 30. Qxh7 Qxf2+ 0-1

[Event "Melhor de 7 ?"]
[Site "http://www.queenalice.com/game.php?id=705463"]
[Date "2009.12.29"]
[Round "-"]
[White "witto"]
[Black "clucenas"]
[Result "1-0"]
[WhiteElo "1518"]
[BlackElo "1035"]

1. e4 e5 2. Qh5 g6 3. Qxe5+ Ne7 4. Qxh8 d6 5. Qxh7 c5 6. Bb5+ Nbc6 7. Nf3 a6 8.
Ba4 b5 9. Ng5 Qd7 10. Qxf7+ Kd8 11. Qxf8+ Kc7 12. Nc3 Bb7 13. Nd5+ Nxd5 14. Qf3
bxa4 15. exd5 Nd4 16. Qd3 Re8+ 17. Ne4 Bxd5 18. O-O Bxe4 19. Qxa6 Bxc2 20. Kh1
Bd3 21. Qxd3 Rh8 22. b4 Qh7 23. h3 Qh4 24. bxc5 dxc5 25. Qxg6 Ne2 26. Bb2 Re8
27. Qxe8 1-0

[Event "Ultima"]
[Site "http://www.queenalice.com/game.php?id=709447"]
[Date "2010.1.6"]
[Round "-"]
[White "clucenas"]
[Black "witto"]
[Result "0-1"]
[WhiteElo "1098"]
[BlackElo "1536"]

1. Nc3 c6 2. e4 e5 3. h4 Nf6 4. Nf3 Bd6 5. Bc4 O-O 6. Ng5 b5 7. Bxf7+ Rxf7 8.
Qf3 h6 9. Nxf7 Kxf7 10. Qf5 g6 11. Qh3 Bb4 12. Ne2 d5 13. Qb3 Na6 14. a3 Bc5 15.
d4 exd4 16. e5 d3 17. cxd3 Nh5 18. d4 Bb6 19. Qf3+ Kg8 20. g4 Ng7 21. Nf4 Bxd4
22. Nxg6 Nc5 23. Bxh6 Bxb2 24. Qf6 Qxf6 25. exf6 Bxf6 26. Rc1 Nd3+ 27. Ke2 Nxc1+
28. Rxc1 Bxg4+ 29. f3 Re8+ 30. Be3 Bf5 31. Rxc6 Bd4 32. Kf2 Bxe3+ 33. Kg3 Nh5+
34. Kg2 Re6 35. Rc8+ Kg7 36. Nf8 Nf4+ 0-1

[Event "partida 3"]
[Site "http://www.queenalice.com/game.php?id=709581"]
[Date "2010.1.6"]
[Round "-"]
[White "witto"]
[Black "dorietto"]
[Result "1-0"]
[WhiteElo "1509"]
[BlackElo "941"]

1. e4 e5 2. Qh5 Qf6 3. f3 d5 4. Nc3 c6 5. d4 exd4 6. Bg5 Qf5 7. Qg4 Qxg4 8. fxg4
Bxg4 9. Nce2 dxe4 10. Nxd4 f6 11. Bd2 c5 12. Nb5 Na6 13. Nc7+ Nxc7 14. h3 Bf5
15. O-O-O O-O-O 16. Ne2 Nd5 17. Ng3 e3 18. Ba5 b6 19. Nxf5 bxa5 20. Bc4 Nf4 21.
Nxe3 g6 22. g3 Re8 23. Rhe1 1-0

[Event "Neguinha"]
[Site "http://www.queenalice.com/game.php?id=710330"]
[Date "2010.1.8"]
[Round "-"]
[White "dooor"]
[Black "witto"]
[Result "0-1"]
[WhiteElo "1250"]
[BlackElo "1513"]

1. b4 e6 2. a3 Nf6 3. Bb2 Bd6 4. e3 O-O 5. g4 b6 6. Bg2 Nc6 7. g5 Nd5 8. Nc3
Qxg5 9. Bf1 a5 10. b5 Ne5 11. Nxd5 exd5 12. Nf3 Qf5 13. Bg2 Nc4 14. Bc3 Nxa3 15.
Nd4 Qg6 16. Bxd5 Rb8 17. Qc1 Bb7 18. Bxb7 c5 19. Nc6 Nxc2+ 20. Kd1 dxc6 21. bxc6
Nxa1 22. Qxa1 Qg2 23. Ke2 Bxh2 24. Rb1 Qg4+ 25. Ke1 Bg1 26. Be5 Rbe8 27. Bd6 Qg2
28. Kd1 Bxf2 29. Rxb6 Qf1+ 30. Kc2 Qxa1 31. c7 Qa4+ 32. Kd3 Qd7 33. Kc4 Re6 34.
Bc6 Qxd6 35. Kb5 Qxc7 36. Kxc5 Re5+ 37. Kd4 Qxb6+ 38. Kxe5 Qxc6 0-1

[Event "Agora ja elviz !"]
[Site "http://www.queenalice.com/game.php?id=710551"]
[Date "2010.1.8"]
[Round "-"]
[White "witto"]
[Black "Eski"]
[Result "0-1"]
[WhiteElo "1524"]
[BlackElo "1116"]

1. c4 c5 2. Nc3 Qa5 3. e4 b5 4. Nxb5 a6 5. Nc3 h5 6. Nf3 g5 7. Nxg5 Rh6 8. d3
Nc6 9. a4 Bg7 10. Be2 Nd4 11. O-O Bf6 12. b3 Qxc3 13. Rb1 Rb8 14. Bxh5 Rxb3 15.
Qd2 Bxg5 16. Qxg5 Nf6 17. Qxh6 d6 18. Bd2 Qc2 19. Bd1 Qxb1 20. Bxb3 Qxb3 21. h4
Ne2+ 22. Kh1 Qxd3 23. Re1 Nxe4 24. Qe3 Qxc4 25. Qxe2 Qxe2 26. Rxe2 Bf5 27. h5 c4
28. Bc1 d5 29. h6 d4 30. g4 Bg6 31. Rb2 c3 32. Rb8+ Kd7 33. Rb7+ Kc8 34. Rxe7
Nxf2+ 35. Kg1 Nd3 36. Bg5 c2 37. Rxf7 Ne5 38. Rf2 Nxg4 39. Rf4 c1=Q+ 40. Kg2
Ne3+ 41. Kg3 Qg1+ 42. Kh4 Qh2# 0-1

[Event "Challenge"]
[Site "http://www.queenalice.com/game.php?id=711517"]
[Date "2010.1.10"]
[Round "-"]
[White "Mamonas"]
[Black "witto"]
[Result "0-1"]
[WhiteElo "1357"]
[BlackElo "1499"]

1. e4 e5 2. Nf3 Nc6 3. Nc3 Nf6 4. Bb5 Bb4 5. Nd5 O-O 6. Bxc6 dxc6 7. Nxb4 Nxe4
8. Nxe5 Qd4 9. Qh5 g6 10. Nxg6 fxg6 11. Qa5 Qxf2+ 12. Kd1 Qxg2 13. c4 Qxh1+ 14.
Kc2 Rf3 15. Qxc7 Bf5 16. d3 Qg2+ 17. Bd2 Qxd2+ 18. Kb3 Nc5+ 19. Ka3 a5 20. Na6
Nxa6 21. Qxb7 Rxd3+ 22. b3 Rdd8 23. h4 Rdb8 24. Qxc6 Qb4+ 25. Kb2 a4 26. Rg1 a3+
27. Kc1 Qc3+ 28. Kd1 Qd4+ 29. Ke2 Qxg1 30. Qd5+ Kf8 31. h5 Bg4+ 32. Kd2 Rd8 33.
Qxd8+ Rxd8+ 0-1

[Event ";)"]
[Site "http://www.queenalice.com/game.php?id=712240"]
[Date "2010.1.11"]
[Round "-"]
[White "witto"]
[Black "mauriciofs"]
[Result "1-0"]
[WhiteElo "1521"]
[BlackElo "1492"]

1. c4 Nc6 2. Nc3 e6 3. e4 b6 4. Nf3 g6 5. Ne5 Nxe5 6. d3 Ba6 7. Bf4 f6 8. d4
Nxc4 9. Qb3 d5 10. Qa4+ Qd7 11. Qxa6 g5 12. Bg3 Nd6 13. e5 Ne4 14. Nxe4 dxe4 15.
Qb7 Qd8 16. Bb5+ Ke7 17. exf6+ Nxf6 18. Bxc7 Qd5 19. Bc6 Qa5+ 20. Kd1 Bh6 21.
Be5+ Kf8 22. Qxa8+ Kg7 23. Bxf6+ Kxf6 24. Qxh8+ Kf5 25. Qxh7+ Kf4 26. Qxh6 Qa4+
27. Bxa4 1-0

[Event "Challenge"]
[Site "http://www.queenalice.com/game.php?id=725556"]
[Date "2010.2.4"]
[Round "-"]
[White "Mamonas"]
[Black "witto"]
[Result "0-1"]
[WhiteElo "1569"]
[BlackElo "1538"]

1. e4 e5 2. Nf3 Nc6 3. Nc3 Bb4 4. Bc4 Bxc3 5. dxc3 Qe7 6. Bg5 f6 7. Be3 d6 8.
Nh4 Na5 9. Qh5+ g6 10. Nxg6 Bg4 11. Qxg4 hxg6 12. Qxg6+ Kd7 13. Qf7 Nxc4 14.
Qxc4 b6 15. Qb5+ c6 16. Qa6 Ke8 17. Bxb6 Kf7 18. Qc4+ Qe6 19. Qxc6 Ne7 20. Qa4
axb6 21. Qb4 Qg4 22. Rg1 Rxh2 23. f3 Qf4 24. Qxd6 Rg8 25. Rd1 Rgxg2 26. Kf1
Qxf3+ 0-1

[Event "AUTO-INT-1622"]
[Site "http://www.queenalice.com/game.php?id=737716"]
[Date "2010.2.25"]
[Round "1"]
[White "witto"]
[Black "betosantos"]
[Result "0-1"]
[WhiteElo "1558"]
[BlackElo "1589"]

1. e4 e5 2. d3 Nc6 3. Nc3 Bb4 4. Bd2 Bxc3 5. Bxc3 Nf6 6. Nf3 d6 7. Ng5 h6 8. Nf3
Bg4 9. Qd2 Bxf3 10. gxf3 a6 11. d4 exd4 12. Bxd4 Qe7 13. O-O-O Nh5 14. Rg1 Qe6
15. Kb1 a5 16. Bxg7 Rg8 17. Bxh6 Rxg1 18. Bh3 Rxd1+ 19. Qxd1 Qxh3 20. a3 O-O-O
21. Bc1 Qxh2 22. Qd5 f6 23. Qe6+ Kb8 0-1

[Event "AUTO-INT-1622"]
[Site "http://www.queenalice.com/game.php?id=737717"]
[Date "2010.2.25"]
[Round "1"]
[White "betosantos"]
[Black "witto"]
[Result "1-0"]
[WhiteElo "1626"]
[BlackElo "1547"]

1. e4 e5 2. Qf3 Nf6 3. a3 Bc5 4. h3 Nc6 5. Nc3 Nd4 6. Qd3 b6 7. b4 Bd6 8. Nf3
Nxf3+ 9. Qxf3 c5 10. Nb5 Bb8 11. Bb2 d6 12. Be2 O-O 13. bxc5 a6 14. Nc3 dxc5 15.
Bc4 Qd4 16. Bb3 c4 17. Na4 Qd7 18. Bxc4 Qxa4 19. Bb3 Qxe4+ 20. Kf1 Qxf3 21. gxf3
e4 22. fxe4 Nxe4 23. h4 Nxd2+ 24. Kg1 Rd8 25. Ba2 Bf4 26. Bc3 Nf3+ 27. Kg2 Bb7
28. Rh3 Ng5+ 29. f3 Nxh3 30. Kxh3 Rac8 31. Be1 Bxf3 32. Bg3 1-0

[Event "AUTO-INT-1622"]
[Site "http://www.queenalice.com/game.php?id=737718"]
[Date "2010.2.25"]
[Round "1"]
[White "witto"]
[Black "paulouk"]
[Result "0-1"]
[WhiteElo "1543"]
[BlackElo "1720"]

1. e4 d6 2. d4 Nf6 3. Nc3 a6 4. f3 Nc6 5. Bg5 h6 6. Bxf6 exf6 7. Bc4 Qe7 8. Nd5
Qd8 9. Qd2 b5 10. Bb3 a5 11. Qd3 Ba6 12. O-O-O a4 13. c4 axb3 14. cxb5 bxa2 15.
Kd2 Qb8 16. Ra1 Bxb5 17. Qb3 Nxd4 18. Qc3 c5 19. b4 Qa7 20. Nh3 Be7 21. Ke1 Bd8
22. Nhf4 cxb4 23. Nxb4 Ba5 24. Nfd5 Ne2 25. Nc7+ Bxc7 26. Qd2 Ba5 0-1

[Event "AUTO-INT-1622"]
[Site "http://www.queenalice.com/game.php?id=737719"]
[Date "2010.2.25"]
[Round "1"]
[White "paulouk"]
[Black "witto"]
[Result "1-0"]
[WhiteElo "1814"]
[BlackElo "1534"]

1. e4 e5 2. Nc3 Bb4 3. Nf3 Bxc3 4. dxc3 Nc6 5. Bb5 Qf6 6. Bg5 Qg6 7. Qd3 Nf6 8.
Bxc6 bxc6 9. O-O d6 10. Bxf6 Qxf6 11. Qc4 O-O 12. Qxc6 Qg6 13. Nh4 Qg4 14. g3
Rb8 15. f3 Qg5 16. b4 Qe3+ 17. Kh1 Bb7 18. Qxc7 Rfd8 19. Nf5 Qb6 20. Ne7+ Kf8
21. Qxb6 axb6 22. Nf5 g6 23. Nh6 Bc8 24. f4 Bb7 25. fxe5 Bxe4+ 26. Kg1 Kg7 27.
Nxf7 Rd7 28. e6 Re7 29. Ng5 Bf5 30. Rae1 h6 31. Nf7 Rxe6 32. Rxe6 Bxe6 33. Nxd6
1-0

[Event "AUTO-INT-1622"]
[Site "http://www.queenalice.com/game.php?id=737720"]
[Date "2010.2.25"]
[Round "1"]
[White "witto"]
[Black "dlabedz"]
[Result "1-0"]
[WhiteElo "1534"]
[BlackElo "1458"]

1. e4 d5 2. exd5 Qxd5 3. Nc3 Qe6+ 4. Qe2 Nc6 5. Nb5 Qd7 6. Nf3 a6 7. Nc3 Qe6 8.
Qxe6 Bxe6 9. a3 h6 10. d4 Nf6 11. Ne5 Nxd4 12. Bd3 h5 13. O-O c6 14. Bg6 O-O-O
15. Bxf7 Nxc2 16. Bxe6+ Kb8 17. Bg5 Nxa1 18. Nf7 g6 19. Rxa1 Rd2 20. Bxd2 b5 21.
Nxh8 Bg7 22. Nxg6 a5 23. b4 a4 24. f3 Nh7 25. Rd1 Bd4+ 26. Kh1 Nf6 27. Bf4+ Kb7
28. Rxd4 1-0

[Event "AUTO-INT-1622"]
[Site "http://www.queenalice.com/game.php?id=737721"]
[Date "2010.2.25"]
[Round "1"]
[White "dlabedz"]
[Black "witto"]
[Result "0-1"]
[WhiteElo "1450"]
[BlackElo "1529"]

1. d4 Nc6 2. d5 Ne5 3. e4 c5 4. c4 d6 5. Nc3 Nf6 6. h3 Qa5 7. Bd2 Qb4 8. Qb3 Bd7
9. Qc2 Nxc4 10. Rb1 Nxd2 11. Qxd2 Nxe4 12. Qc2 Nf6 13. a3 Qa5 14. Ne2 Nxd5 15.
g3 Nxc3 16. Nxc3 Bc6 17. Be2 Bxh1 18. Kf1 a6 19. a4 e5 20. Bg4 Bc6 21. b4 cxb4
22. Ne2 h5 23. Bf5 g6 24. Bd3 Bxa4 25. Qc4 d5 26. Qa2 e4 27. Bc2 b5 28. Nd4 Rc8
29. Nb3 Qb6 30. Qb2 Rc3 31. Rd1 h4 32. g4 Qc7 33. Rxd5 Qc4+ 34. Kg1 Qxd5 35. Qb1
Bxb3 36. Bxe4 Qd2 37. Qf1 Bc5 0-1

[Event "A ultima msm msm msm"]
[Site "http://www.queenalice.com/game.php?id=754813"]
[Date "2010.4.1"]
[Round "-"]
[White "clucenas"]
[Black "witto"]
[Result "1-0"]
[WhiteElo "1121"]
[BlackElo "1551"]

1. e3 e5 2. d4 exd4 3. Qxd4 Nc6 4. Qe4+ Qe7 5. Qxe7+ Bxe7 6. Nf3 Nb4 7. Nd4 Nf6
8. Bd2 c5 9. a3 cxd4 10. axb4 dxe3 11. Bxe3 O-O 12. Bc4 d5 13. Bb5 Bxb4+ 14. c3
Bd6 15. Rxa7 Rxa7 16. Bxa7 Ne4 17. Nd2 Re8 18. Bxe8 Nf6 19. Bb5 Ng4 20. O-O h5
21. Re1 Kh7 22. Bd3+ g6 23. Re8 Bxh2+ 24. Kf1 Bd7 25. Rd8 Bf5 26. Bd4 f6 27.
Bxf5 gxf5 28. f3 Nh6 29. Rd7+ Kg6 30. Rxb7 Be5 31. b4 Bxd4 32. cxd4 f4 33. b5
Nf5 34. Rd7 Nxd4 35. b6 Nc6 36. Rd6 Na5 37. Rxd5 Nb7 38. Ne4 f5 39. Nd6 Nd8 40.
Rxf5 Ne6 41. b7 Nd4 42. b8=Q Nxf5 43. Nxf5 Kxf5 44. Qh8 Kg5 45. Qe5+ Kg6 46.
Qxf4 1-0

[Event "Vamo nessa!"]
[Site "http://www.queenalice.com/game.php?id=758374"]
[Date "2010.4.9"]
[Round "-"]
[White "dooor"]
[Black "witto"]
[Result "0-1"]
[WhiteElo "1312"]
[BlackElo "1542"]

1. e4 e5 2. Nf3 f6 3. a3 d6 4. Bb5+ c6 5. Bc4 Bg4 6. h3 Bxf3 7. Qxf3 b5 8. Bb3
Na6 9. a4 Nb4 10. Qc3 c5 11. axb5 d5 12. Qf3 c4 13. Ba4 Qa5 14. O-O Nxc2 15.
Bxc2 Qxa1 16. exd5 Rb8 17. d6 Bxd6 18. Na3 Bxa3 19. bxa3 Qd4 20. Ba4 Qd7 21. Qd1
Ne7 22. f4 O-O 23. b6 Qd4+ 24. Kh1 Rxb6 25. Qe1 Nf5 26. fxe5 fxe5 27. Bc2 Ng3+
28. Qxg3 Rxf1+ 29. Kh2 Qg1# 0-1

[Event "Marginais"]
[Site "http://www.queenalice.com/game.php?id=778220"]
[Date "2010.5.20"]
[Round "3"]
[White "witto"]
[Black "clucenas"]
[Result "1-0"]
[WhiteElo "1510"]
[BlackElo "1151"]

1. e4 e5 2. Nf3 h5 3. Nxe5 Qe7 4. d4 d6 5. Nf3 Qxe4+ 6. Be2 a5 7. O-O Nf6 8. Re1
d5 9. Bb5+ c6 10. Rxe4+ dxe4 11. Ne5 cxb5 12. c3 Bd6 13. Qb3 Be6 14. Qxb5+ Nfd7
15. Qxb7 Nxe5 16. dxe5 Bxe5 17. Qxa8 Ke7 18. Bg5+ f6 19. Qa7+ Nd7 20. Bh4 g5 21.
Bg3 Rd8 22. Bxe5 fxe5 23. Nd2 Ke8 24. Nxe4 Nb8 25. Qxa5 Nc6 26. Nf6+ Ke7 27.
Qc7+ Kxf6 28. Qxc6 Rd2 29. b4 Kf5 30. Qf3+ Kg6 31. a4 Bg4 32. Qe4+ Kf6 33. h3
Be2 34. b5 Bd3 35. Qd5 e4 36. b6 Rb2 37. a5 Rb5 38. Qd6+ Kf5 39. a6 Re5 40. b7
Re6 41. Qc5+ Kf6 42. b8=Q Bxa6 43. Rxa6 Rxa6 44. Qcf8+ Ke6 45. Qbc8+ Ke5 46.
Qxa6 g4 47. Qad6# 1-0